Fascism in Britain : a history, 1918-1985 /

Bibliographic Details
Main Author: Thurlow, Richard C.
Format: Book
Language:English
Published: Oxford, UK ; New York, NY, USA : Blackwell, 1987.
Subjects:

MARC

Tag First Indicator Second Indicator Subfields
LEADER 00000cam a2200000 a 4500
001 in00000016864
005 20151007053321.0
008 860630s1987 enkaf b 00110 eng
010 |a  86017543  
020 |a 0631136185 :  |c $29.95 (U.S.) 
035 |a (OCoLC)13860785 
035 |9 AAB1198AM 
040 |a DLC  |c DLC  |d TXA  |d UtOrBLW 
043 |a e-uk--- 
049 |a TXAM  |c [A11096671] 
050 0 0 |a DA578  |b .T48 1987 
082 0 |a 320.5/33/0941  |2 19 
100 1 |a Thurlow, Richard C. 
245 1 0 |a Fascism in Britain :  |b a history, 1918-1985 /  |c Richard Thurlow. 
264 1 |a Oxford, UK ;  |a New York, NY, USA :  |b Blackwell,  |c 1987. 
300 |a xvii, 317 pages, 16 unnumbered pages of plates :  |b illustrations ;  |c 24 cm. 
336 |a text  |b txt  |2 rdacontent 
337 |a unmediated  |b n  |2 rdamedia 
338 |a volume  |b nc  |2 rdacarrier 
500 |a Errata slip inserted. 
504 |a Bibliography: pages [305]-308. 
500 |a Includes index. 
650 0 |a Fascism  |z Great Britain  |x History. 
651 0 |a Great Britain  |x Politics and government  |y 20th century. 
999 |a MARS 
999 f f |s ff446e94-ad70-3cde-902e-4f6b708898b2  |i bd7aae45-22ae-3793-ac44-282d15ce27a0  |t 0 
952 f f |p ric  |a Texas A&M University  |b Rellis Campus  |c Joint Library Facility  |d Remote Storage  |t 0  |e DA578 .T48 1987  |h Library of Congress classification  |i unmediated -- volume  |m A14811096671 
998 f f |a DA578 .T48 1987  |t 0  |l Remote Storage